LEADER 01102cam0 22003011 450 001 SOBE00072294 005 20220613091149.0 010 $a9788868665999 100 $a20220613d2019 |||||ita|0103 ba 101 $aita 102 $aIT 200 1 $a<>porte del mare$eil Mediterraneo degli stretti tra Medioevo ed età contemporanea$fa cura di Rosa Maria Delli Quadri, Giuseppe Perta, Elisa Vermiglio 210 $aNapoli$cGuida$d2019 215 $aXII, 259 p.$d21 cm 225 2 $aTerra murata$hSaggi$v2 410 1$1001SOBE00072295$12001 $a*Terra murata. Saggi$v2 500 11$a<>porte del mare$3SOBA00024606$92860884 702 1$aDelli_Quadri, Rosa Maria$3SOBA00019621$4070 702 1$aPerta, Giuseppe$3SOBA00011086$4070 801 0$aIT$bUNISOB$c20220613$gRICA 850 $aUNISOB 852 $aUNISOB$j900$m176753 912 $aSOBE00072294 940 $aM 102 Monografia moderna SBN 941 $aM 957 $a900$b005714$gSI$d176753$n20220610$rdono$tV$1menle$2UNISOB$3UNISOB$420220613090941.0$520220613091028.0$6menle 996 $aPorte del mare$92860884 997 $aUNISOB LEADER 04348nam 22008655 450 001 9910983300103321 005 20251116222326.0 010 $a9783031806889 010 $a3031806883 024 7 $a10.1007/978-3-031-80688-9 035 $a(CKB)37702971700041 035 $a(MiAaPQ)EBC31919681 035 $a(Au-PeEL)EBL31919681 035 $a(DE-He213)978-3-031-80688-9 035 $a(OCoLC)1507700958 035 $a(EXLCZ)9937702971700041 100 $a20250225d2025 u| 0 101 0 $aeng 135 $aur||||||||||| 181 $ctxt$2rdacontent 182 $cc$2rdamedia 183 $acr$2rdacarrier 200 10$aEnergy Technology 2025 $eCarbon Dioxide Management and Other Technologies /$fedited by Onuralp Yücel, Chukwunwike Iloeje, Shafiq Alam, Donna Post Guillen, Fiseha Tesfaye, Lei Zhang, Susanna A. C. Hockaday, Neale R. Neelameggham, Hong Peng, Nawshad Haque, Alafara Abdullahi Baba, Tuan A. H. Nguyen, Adam C. Powell, Duhan Zhang 205 $a1st ed. 2025. 210 1$aCham :$cSpringer Nature Switzerland :$cImprint: Springer,$d2025. 215 $a1 online resource (416 pages) 225 1 $aThe Minerals, Metals & Materials Series,$x2367-1696 311 08$a9783031806872 311 08$a3031806875 330 $aThis collection is focused on industrial energy sustainability and CO2 management, including processes that improve energy efficiency and reduce or eliminate industrial GHG emissions. Topics address technology areas such as clean energy technologies, innovative beneficiation, smelting technologies, process intensification, as well as CO2 capture and conversion for industrial applications. Areas of interest include but are not limited to: Energy and materials-efficient minerals extraction and processing, including waste heat recovery, materials recycling, and other methodologies for low-cost energy materials production Advances in design and optimization of renewable and low-carbon energy harvesting technologies and energy carriers, including theory, new technology concepts, simulations and demonstrations relevant to decarbonizing materials extraction and processing Systems assessment for sustainable materials processing, including techno-economic, life cycle, circularity, technology scale-up, and regulatory impacts Low carbon technologies for advanced materials conversion, including carbon and other GHG reduction metallurgy in ferrous, nonferrous, and reactive metals capture and mineralization, carbon upgrade to chemicals, and use of low carbon fuel and feedstock Advances in materials for energy and carbon mitigation, such as infrared reflecting, endothermic and carbon absorbing materials for applications such as urban heat island mitigation and space cooling. 410 0$aThe Minerals, Metals & Materials Series,$x2367-1696 606 $aMaterials 606 $aCatalysis 606 $aForce and energy 606 $aEnergy storage 606 $aCarbon 606 $aChemistry 606 $aMagnetic materials 606 $aElectronics$xMaterials 606 $aMaterials for Energy and Catalysis 606 $aMechanical and Thermal Energy Storage 606 $aCarbon Materials 606 $aMagnetic Materials 606 $aElectronic Materials 615 0$aMaterials. 615 0$aCatalysis. 615 0$aForce and energy. 615 0$aEnergy storage. 615 0$aCarbon. 615 0$aChemistry. 615 0$aMagnetic materials. 615 0$aElectronics$xMaterials. 615 14$aMaterials for Energy and Catalysis. 615 24$aMechanical and Thermal Energy Storage. 615 24$aCarbon Materials. 615 24$aMagnetic Materials. 615 24$aElectronic Materials. 676 $a620.1 700 $aYu?cel$b Onuralp$01785990 701 $aIloeje$b Chukwunwike$01785325 701 $aAlam$b Shafiq$01785991 701 $aGuillen$b Donna Post$01785992 701 $aTesfaye$b Fiseha$01785993 701 $aZhang$b Lei$0328167 701 $aHockaday$b Susanna A. C$01785994 701 $aNeelameggham$b Neale R$01082059 701 $aPeng$b Hong$01631565 701 $aHaque$b Nawshad$01785995 801 0$bMiAaPQ 801 1$bMiAaPQ 801 2$bMiAaPQ 906 $aBOOK 912 $a9910983300103321 996 $aEnergy Technology 2025$94317414 997 $aUNINA